Āndhrulacaritra-saṃskr̥ti. (Record no. 66848)
[ view plain ]
| 000 -LEADER | |
|---|---|
| fixed length control field | 00763cam a22002771 4500 |
| 001 - CONTROL NUMBER | |
| control field | sa 65010639 |
| 003 - CONTROL NUMBER IDENTIFIER | |
| control field | DLC |
| 005 - DATE AND TIME OF LATEST TRANSACTION | |
| control field | 20260227112210.0 |
| 008 - FIXED-LENGTH DATA ELEMENTS--GENERAL INFORMATION | |
| fixed length control field | 891005s1965 ii ac b 000 0 telo |
| 010 ## - LIBRARY OF CONGRESS CONTROL NUMBER | |
| LC control number | sa 65010639 |
| 025 ## - OVERSEAS ACQUISITION NUMBER | |
| Overseas acquisition number | PL480:I-Te-1096 |
| 035 ## - SYSTEM CONTROL NUMBER | |
| System control number | (OCoLC)20443200 |
| 040 ## - CATALOGING SOURCE | |
| Original cataloging agency | DLC |
| Transcribing agency | WaU |
| Modifying agency | DLC |
| 042 ## - AUTHENTICATION CODE | |
| Authentication code | premarc |
| 043 ## - GEOGRAPHIC AREA CODE | |
| Geographic area code | a-ii--- |
| 050 00 - LIBRARY OF CONGRESS CALL NUMBER | |
| Classification number | DS485.A55 |
| Item number | L3 1965 |
| 100 1# - MAIN ENTRY--PERSONAL NAME | |
| Personal name | Lakṣmīrañjanaṃ, Khaṇḍavalli, |
| Dates associated with a name | 1908- |
| 245 10 - TITLE STATEMENT | |
| Title | Āndhrulacaritra-saṃskr̥ti. |
| 250 ## - EDITION STATEMENT | |
| Edition statement | [3d ed.] |
| 260 ## - PUBLICATION, DISTRIBUTION, ETC. | |
| Date of publication, distribution, etc. | 1965. |
| 300 ## - PHYSICAL DESCRIPTION | |
| Extent | 3, 479, ii p. |
| Other physical details | illus., ports. |
| Dimensions | 22 cm. |
| 500 ## - GENERAL NOTE | |
| General note | In Telugu. |
| 504 ## - BIBLIOGRAPHY, ETC. NOTE | |
| Bibliography, etc. note | Bibliography: p. [i]-ii. |
| 651 #0 - SUBJECT ADDED ENTRY--GEOGRAPHIC NAME | |
| Geographic name | Andhra Pradesh (India) |
| General subdivision | History. |
| 700 2# - ADDED ENTRY--PERSONAL NAME | |
| Personal name | Balendu Sekaram, Kandavalli, |
| Dates associated with a name | 1909- |
No items available.